| 000 | 01373cam a2200385 a 4500 | ||
|---|---|---|---|
| 001 | 17488246 | ||
| 005 | 20170105102841.0 | ||
| 008 | 121009s2013 enk b 001 0 eng | ||
| 010 | _a 2012041357 | ||
| 020 | _a9780415625807 (hardback) | ||
| 020 | _z9780203367087 (ebook) | ||
| 040 |
_aNIC/DLC _cNIC _dDLC |
||
| 042 | _apcc | ||
| 043 |
_aa------ _ap------ |
||
| 050 | 0 | 0 |
_aJZ6009.A75 _bB55 2013 |
| 082 | 0 | 0 |
_a355/.03305 _223 |
| 245 | 0 | 0 |
_aBilateralism, multilateralism and Asia-Pacific security : _bcontending cooperation / _cedited by William T. Tow and Brendan Taylor. |
| 260 |
_aLondon ; _aNew York : _bRoutledge, _c2013. |
||
| 300 |
_axvi, 218 p. ; _c24 cm. |
||
| 490 | 0 |
_aRoutledge security in Asia Pacific series ; _v24 |
|
| 504 | _aIncludes bibliographical references (p. [193]-213) and index. | ||
| 650 | 0 |
_aSecurity, International _zAsia. |
|
| 650 | 0 |
_aSecurity, International _zPacific Area. |
|
| 650 | 0 |
_aNational security _zAsia. |
|
| 650 | 0 |
_aNational security _zPacific Area. |
|
| 650 | 0 | _aAsian cooperation. | |
| 650 | 0 | _aPacific Area cooperation. | |
| 651 | 0 |
_aAsia _xForeign relations. |
|
| 651 | 0 |
_aPacific Area _xForeign relations. |
|
| 700 | 1 | _aTow, William T. | |
| 700 | 1 |
_aTaylor, Brendan, _d1974- |
|
| 906 |
_a7 _bcbc _corignew _d1 _eecip _f20 _gy-gencatlg |
||
| 942 |
_2ddc _cBK |
||
| 999 |
_c13872 _d13872 |
||